Privatizácia v Bulharsku Príloha
Kupónová privatizácia v Bulharsku. Podnikanie s investičnými kupónmi. Práva investičných fondov. Fázy zakladania fondov, registrácia a získanie licencie. Práva fyzických a právnických osôb zúčastnených kapitálovej privatizácie.
Salvato in:
| Autore principale: | |
|---|---|
| Natura: | Capitolo di libro |
| Lingua: | slovacco |
| Soggetti: | |
| Tags: |
Nessun Tag, puoi essere il primo ad aggiungerne!!
|
MARC
| LEADER | 00000naa a2200000 4500 | ||
|---|---|---|---|
| 001 | r021512 | ||
| 005 | 20251104123826.5 | ||
| 041 | 0 | |a slo | |
| 044 | |a SK | ||
| 245 | 1 | 0 | |a Privatizácia v Bulharsku |b Príloha |c T. Malík |
| 520 | |a Kupónová privatizácia v Bulharsku. Podnikanie s investičnými kupónmi. Práva investičných fondov. Fázy zakladania fondov, registrácia a získanie licencie. Práva fyzických a právnických osôb zúčastnených kapitálovej privatizácie. | ||
| 610 | 2 | 0 | |a privatizácia |
| 610 | 2 | 0 | |a privatizácia kupónová |
| 610 | 2 | 0 | |a Bulharsko |
| 610 | 2 | 0 | |a akcie |
| 610 | 2 | 0 | |a kupóny |
| 610 | 2 | 0 | |a osoby právnické |
| 610 | 2 | 0 | |a osoby fyzické |
| 610 | 2 | 0 | |a vývoj štruktúry hospodárskej |
| 610 | 2 | 0 | |a riadenie hospodárske |
| 100 | 1 | |a Malík, T. | |